Slovensko a Európska únia z pohľadu rozvoja slovenského priemyslu celoštátna konferencia a diskusné fórum : 4.-5. december 2003 Bratislava

Na minha lista:
Detalhes bibliográficos
Autor Corporativo: Slovensko a Európska únia z pohľadu rozvoja slovenského priemyslu. Konferencia
Formato: Livro
Idioma:eslovaco
Publicado em: Bratislava Dom techniky ZSVTS 2003
Assuntos:
Tags: Adicionar Tag
Sem tags, seja o primeiro a adicionar uma tag!

MARC

LEADER 00000nam a2200000 4500
001 0122888
005 20240104094433.1
020 |a 80-233-0492-5 
041 0 |a slo 
044 |a SK 
245 1 0 |a Slovensko a Európska únia z pohľadu rozvoja slovenského priemyslu  |b celoštátna konferencia a diskusné fórum : 4.-5. december 2003 Bratislava 
264 1 |a Bratislava  |b Dom techniky ZSVTS  |c 2003 
300 |a 123 s. 
610 2 0 |a priemysel 
610 2 0 |a Slovensko 
610 2 0 |a Európska únia 
610 2 0 |a vlastníctvo priemyselné 
610 2 0 |a normalizácia technická 
610 2 0 |a konkurencieschopnosť 
110 2 |a Slovensko a Európska únia z pohľadu rozvoja slovenského priemyslu. Konferencia